000
00297nam a2200097Ia 4500
008
220204s9999 xx 000 0 und d
082
_a
037
_b
EDU
245
0
_a
Education for international understanding: A bibliography
260
_a
New Delhi
_b
Indian National Commission for Unesco
_c
1964
942
_c
BK
999
_c
20769
_d
20769